| 000 | 00770nam a22002057a 4500 | ||
|---|---|---|---|
| 999 |
_c6584 _d6584 |
||
| 003 | OSt | ||
| 005 | 20260227122457.0 | ||
| 008 | 190228c xxut||p| |||| 00| 0 spa d | ||
| 020 | _a9789873048555 | ||
| 040 | _cPJ | ||
| 245 | 1 | 0 |
_aRevista de derecho privado y comunitario : _bdiez años de vigencia del Código Civil y Comercial de la Nación. Persona y Derecho de las Familias - I / _cHéctor Alegría, Jorge Mosset Iturraspe directores. |
| 260 |
_aSanta Fé : _bRubinzal-Culzoni, _c2025. |
||
| 300 |
_a640 p. _c22 cm. |
||
| 310 | _acuatrimestral | ||
| 362 | _aNo. 1 (2025) | ||
| 650 | 0 |
_91497 _aCODIGO CIVIL Y COMERCIAL |
|
| 700 |
_91076 _aAlegria, Héctor _edirector |
||
| 700 |
_9528 _aMosset Iturraspe, Jorge _edirector |
||
| 942 |
_2udc _cPP _h347.1(05) _iREV |
||